000
00285nam a2200121 a 4500
008
100923s1986|||| d
100
1
_a
Fitzgeraldová, Penelope
245
1
0
_a
Ďaleko od brehu
260
_b
Smena
_a
Bratislava
_c
1986
020
_c
20
044
_a
xo
_c
SK
041
_a
slo
999
_c
10626
_d
10626